000 00488nam a2200157Ia 4500
003 IN-BaIIA
008 211028s9999 xx 000 0 eng d
040 _cIIA Library
080 _a621.38
_bSTA
110 _aStanford Research Institute
_92614
245 0 _aElectronic equipment construction
_cStanford Research Institute
260 _aWashington
_bOffice of Naval Research
_c1950
650 _aElectronics
_91576
650 _aNASA Thesaurus
942 _cBK
999 _c1242
_d1242